000
00322pam a2200145 a 4500
020
_c
040
_a
GOAU_403206
041
_h
082
_a
560
_b
RAD
100
_a
Raup, David M
245
_a
Principles of Paleontology
_h
Paper
260
_a
Delhi
_b
CBS Publishers
_c
1985
700
_a
Stanley, Steven M
930
_a
11079
999
_c
87982
_d
87982